书目信息 |
| 题名: |
苏联作家自述
|
|
| 作者: | ;世界文学编辑部 编 | |
| 分册: | 第一册 | |
| 出版信息: | 北京 中国文艺联合出版公司 1984 |
|
| 页数: | 824页 | |
| 开本: | 21cm | |
| 丛书名: | ||
| 单 册: | ||
| 中图分类: | I512.09 | |
| 科图分类: | ||
| 主题词: | 文学 | |
| 电子资源: | ||
| ISBN: | ||
| 000 | 00669nam0 2200241 45 | |
| 001 | 0184002017 | |
| 005 | 20040408162325.5 | |
| 010 | @dCNY4.25 | |
| 091 | @a10313-98 | |
| 100 | @a19950602d1984 em y0chiy0121 ea | |
| 101 | 1 | @achi@crus |
| 102 | @aCN@b110000 | |
| 105 | @ay z 000zc | |
| 106 | @ar | |
| 200 | 10 | @a苏联作家自述@Asu lian zuo jia zi shu@h第一册@f《世界文学》编辑部编 |
| 210 | @a北京@c中国文艺联合出版公司@d1984 | |
| 215 | @a824页@d21cm | |
| 606 | 0 | @a文学 |
| 690 | @aI512.09 | |
| 711 | 02 | @a世界文学编辑部@Ashi jie wen xue bian ji bu@4编 |
| 801 | 0 | @aCN@b上海图书馆@c20040408 |
| 801 | 2 | @aCN@bNLC@c20040408 |
| 905 | @f2@b143492-493@dI512.09@e264:1 | |
| 苏联作家自述.第一册/《世界文学》编辑部编.-北京:中国文艺联合出版公司,1984 |
| 824页;21cm |
| ISBN :CNY4.25 |
| ● |
| 相关链接 |
|
|
|
|
正题名:苏联作家自述
索取号:I512.09/264:1
 
预约/预借
| 序号 | 登录号 | 条形码 | 馆藏地/架位号 | 状态 | 备注 |
| 1 | 0143492 | 000656686 | 密集书库/ [索取号:I512.09/264:1] | 在馆 | |
| 2 | 0143493 | 000656695 | 第二借阅区/ [索取号:I512.09/264:1] | 在馆 | |
| 3 | 0143494 | 202115246 | 第一样本阅览室/ [索取号:I512.09/264:1] | 在馆 |